Therese Raquin

Αποθηκεύτηκε σε:
Λεπτομέρειες βιβλιογραφικής εγγραφής
Κύριος συγγραφέας: Zola, Émile, 1840-1902
Μορφή: Βιβλίο
Γλώσσα:French
Δημοσίευση: [Paris] : Gallimard, 1979
Σειρά:Collection Folio ; ; 1116
Θέματα:
Ετικέτες: Προσθήκη ετικέτας
Δεν υπάρχουν, Καταχωρήστε ετικέτα πρώτοι!

MARC

LEADER 00000nam a2200000 i 4500
001 1/21408
008 970707s1979 fre d
020 |a 2-07-037116-6 
035 |a 1995  |b 3  |c Ξανθάκη  |l 10036292 
040 |a GR-MY-UA  |b gre  |e aacr 
041 0 |a fre 
082 0 |a 843.8 
100 1 |a Zola, Émile,   |d 1840-1902. 
245 1 0 |a Therese Raquin /  |c Emile Zola 
260 |a [Paris] :   |b Gallimard,   |c 1979 
300 |a 344 p. 
490 1 |a Collection Folio  |v ; 1116 
600 1 0 |a Zola  |a Therese Raquin  |d 1840-1902. 
650 0 0 |a French fiction. 
830 0 |a Collection Folio ;  |v ; 1116 
852 |a INST  |b RHODES  |e 19970707  |h 843.8 ZOL  |p 005400011467  |q 005400011467  |t BK  |y 0 
909 |a Ρ  |b 046468  |c 1995